<?xml version="1.0" encoding="UTF-8"?>
<collection xmlns="http://www.loc.gov/MARC21/slim">
 <record>
  <leader>01533nam a2200181Ia 4500</leader>
  <controlfield tag="001">CTU_17810</controlfield>
  <controlfield tag="008">210402s9999    xx            000 0 und d</controlfield>
  <datafield tag="020" ind1=" " ind2=" ">
   <subfield code="b">USA</subfield>
  </datafield>
  <datafield tag="082" ind1=" " ind2=" ">
   <subfield code="a">005.3682</subfield>
  </datafield>
  <datafield tag="082" ind1=" " ind2=" ">
   <subfield code="b">T931</subfield>
  </datafield>
  <datafield tag="245" ind1=" " ind2="0">
   <subfield code="a">TurboTAX for DOS: Tax preparation and planning software for IBM Standard Personal Computer version 9 - 1992 for the 1991 tax year and 1992 tax planning</subfield>
  </datafield>
  <datafield tag="260" ind1=" " ind2=" ">
   <subfield code="a">San Diege, California</subfield>
  </datafield>
  <datafield tag="260" ind1=" " ind2=" ">
   <subfield code="b">Chipsoft</subfield>
  </datafield>
  <datafield tag="260" ind1=" " ind2=" ">
   <subfield code="c">1991</subfield>
  </datafield>
  <datafield tag="520" ind1=" " ind2=" ">
   <subfield code="a">The book consists of 9 chapters. Chapter 1 explains how to start TurboTax, to begin tax return, to save tax return information, to quit Tax and to resume working on tax return. Chapter 2 guides to use TurboTax. Chapter 3 reviews the basic elements of a federal income tax return, explains the kinds of records, and discusses the new laws and changes in the tax forms for 1991. Chapter 4 details everything about entering data. Chapter 5 provides the checking Tax return. Chapter 6 guides how to print tax return. Chapter 7 is filing tax return. Chapter 8 explains how to use TurboTax to keep records for 1992 tax return, carry out tax planning and analysis for 1992. Chapter 9 explains the services that are available as a ChipSoft customer. Appendix A through Appendix F provide deatails about certain optional program features and complex tax topics&gt; Appendix G discusses unusual situations that can occur and explains how to resolve</subfield>
  </datafield>
  <datafield tag="650" ind1=" " ind2=" ">
   <subfield code="a">TAX ( computer program language )</subfield>
  </datafield>
  <datafield tag="904" ind1=" " ind2=" ">
   <subfield code="i">Minh, 970805</subfield>
  </datafield>
  <datafield tag="980" ind1=" " ind2=" ">
   <subfield code="a">Trung tâm Học liệu Trường Đại học Cần Thơ</subfield>
  </datafield>
 </record>
</collection>
